Renacimiento en México (Record no. 1967)

MARC details
000 -CABECERA
campo de control de longitud fija 00827nam a2200229 a 4500
001 - NÚMERO DE CONTROL
campo de control BRCA_2211
005 - FECHA Y HORA DE LA ÚLTIMA TRANSACCIÓN
campo de control 20190320203722.0
008 - DATOS DE LONGITUD FIJA--INFORMACIÓN GENERAL
campo de control de longitud fija 961218s1982 mx-a---##b---f000-0#spa-d
020 ## - NÚMERO INTERNACIONAL ESTÁNDAR DEL LIBRO
Número Internacional Estándar del Libro 9687153083
040 ## - FUENTE DE LA CATALOGACIÓN
Centro catalogador/agencia de origen NNMM
Centro/agencia transcriptor NNMM
Centro/agencia modificador DLC
050 #4 - SIGNATURA TOPOGRÁFICA DE LA BIBLIOTECA DEL CONGRESO
Número de clasificación NA5060
Número de documento/Ítem .T69 1982
100 1# - ENTRADA PRINCIPAL--NOMBRE DE PERSONA
Nombre de persona Tovar de Teresa, Guillermo
Fechas asociadas al nombre 1956-
9 (RLIN) 559
245 10 - MENCIÓN DE TÍTULO
Título Renacimiento en México
Resto del título artistas y retablos
Mención de responsabilidad, etc. Guillermo Tovar de Teresa ; realización y diseño Beatrice Trueblood.
260 ## - PUBLICACIÓN, DISTRIBUCIÓN, ETC.
Lugar de publicación, distribución, etc. México
Nombre del editor, distribuidor, etc. Secretaría de Asentamientos Humanos y Obras Públicas
Fecha de publicación, distribución, etc. 1982.
300 ## - DESCRIPCIÓN FÍSICA
Extensión 359 p.
Otras características físicas il. (algunas a color)
Dimensiones 32 cm.
504 ## - NOTA DE BIBLIOGRAFÍA, ETC.
Nota de bibliografía, etc. Bibliografía: p. 353-355
650 14 - PUNTO DE ACCESO ADICIONAL DE MATERIA--TÉRMINO DE MATERIA
Término de materia o nombre geográfico como elemento de entrada Arte renacentista
Subdivisión geográfica México.
9 (RLIN) 6614
650 14 - PUNTO DE ACCESO ADICIONAL DE MATERIA--TÉRMINO DE MATERIA
Término de materia o nombre geográfico como elemento de entrada Retablos renacentistas
Subdivisión geográfica México.
9 (RLIN) 6661
650 14 - PUNTO DE ACCESO ADICIONAL DE MATERIA--TÉRMINO DE MATERIA
Término de materia o nombre geográfico como elemento de entrada Arte mexicano.
9 (RLIN) 2321
700 1# - PUNTO DE ACCESO ADICIONAL--NOMBRE DE PERSONA
Nombre de persona Trueblood, Beatrice
9 (RLIN) 615
942 ## - ELEMENTOS DE PUNTO DE ACCESO ADICIONAL (KOHA)
Fuente del sistema de clasificación o colocación Library of Congress Classification
Tipo de ítem Koha Libros
Holdings
Estado de retiro Estado de pérdida Estado dañado No para préstamo Localización permanente Ubicación/localización actual Fecha de adquisición Total de préstamos Signatura topográfica completa Código de barras Fecha visto por última vez Precio válido a partir de Tipo de ítem Koha
El ejemplar forma parte de la colección y puede ser consultado según las políticas vigentes.       Biblioteca del Museo Franz Mayer (Rogerio Casas-Alatriste) Biblioteca del Museo Franz Mayer (Rogerio Casas-Alatriste) 14/08/2008   NA5060 .T69 1982 02260 22/03/2019 22/03/2019 Libros